|
|
|
|
| LEADER |
00000nas a2200000 i 4500 |
| 001 |
ssj0001072226 |
| 003 |
WaSeSS |
| 005 |
20200512172242.0 |
| 006 |
m d |
| 007 |
cr n |
| 008 |
131223c20uu9999enka| p|s|||||| |0eng d |
| 035 |
|
|
|a (WaSeSS)ssj0001072226
|
| 040 |
|
|
|a WaSeSS
|b eng
|c WaSeSS
|d WaSeSS
|
| 050 |
1 |
4 |
|a U163
|
| 245 |
0 |
0 |
|a European conference on information warfare and security
|h [electronic resource].
|
| 260 |
|
|
|a Kidmore End, England :
|b Academic Conferences International
|
| 310 |
|
|
|a Annual
|
| 506 |
|
|
|a License restrictions may limit access.
|
| 588 |
|
|
|a Description based on: July 2010; title from title screen (ProQuest, viewed Dec. 11, 2013).
|
| 588 |
|
|
|a Latest issue consulted: July 2013 (viewed Dec. 11, 2013).
|
| 650 |
|
0 |
|a Information warfare
|x Congresses
|v Periodicals.
|
| 650 |
|
0 |
|a Computer security
|x Congresses
|v Periodicals.
|
| 650 |
|
0 |
|a Information technology
|x Security measures
|x Congresses
|v Periodicals.
|
| 655 |
|
0 |
|a Electronic journals.
|
| 856 |
4 |
0 |
|z Full text available from Research Library: 07/01/2010 to 12/31/2013
|u https://search.proquest.com/publication/396497
|